000 00357 a2200133 4500
245 _abig way
_b : a novel
_hprint
020 _a0887841880
700 _aWinter, Michael
650 _aliterature
005 20191017172548.0
260 _aonc
_bHouse of Anansi Press
_c2004
084 _aPR9199.3.W515 B54 2004
300 _a376 p.
_b 23 cm.
_c376 p. ; 23 cm.
500 _aMichael Winter.
999 _c9058
_d9058